00433cam a22001935i 45000010009000000050017000090080041000260100017000670200018000840400028001020410008001300420008001380800011001460820011001571000007001681010008001752450047001832630009002301775509620180216070924.0130529s2013 nyu 000 0 eng  a 2013941507 a9783642373657 aDLCbengcDLCerdadDLC aeng apcc a51 GLE a51 GLE a36 aMAT00aTutorium analysis 1 und lineare algebra 1. a1305